000 00682nam a2200181Ia 4500
008 100920s9999 xx 000 0 und d
082 _b76731
_a891.464 न 00
100 _aसंपादन-टिकेकर सुजाता गानू.
245 _aआमच्या सहवासातील पु. ल.
260 _bसंयम पब्लिकेशन, पुणे.
_c2000
300 _a192
_bसाधी
365 _b150
520 _aनिबंध.
630 _aआमच्या सहवासातील पु. ल.
650 _aनिबंध.
730 _aआमच्या सहवासातील पु. ल.
942 _cBOOK
999 _c718092
_d718089